000 00206nam a22000977a 4500
999 _c15854
_d15854
003 OSt
008 191022b ||||| |||| 00| 0 eng d
100 _aKerala,Varma C R.
_94350
245 _aBhangi
942 _cBK